Länder in einem Kürbis der Weltkarte - Statistiken

Allgemein
  • Dieses Quiz wurde 1.088 mal gespielt
  • Das Durchschnittsergebnis liegt bei 36 aus 40
Antworten auf der Karte
Die Antworten werden auf der Karte rot bzw. grün angezeigt, abhängig davon wie oft sie richtig erraten wurden.
 
Antwortstatistiken
Country % Korrekt
Saudi-Arabien
99%
Ägypten
98%
Indien
96%
Jemen
96%
Sudan
96%
Oman
95%
Demokratische Republik Kongo
94%
Iran
94%
R. of the Kongo
94%
Südsudan
94%
Vereinigte Arabische Emirate
94%
Irak
93%
Katar
93%
Libyen
93%
Niger
93%
Somalia
93%
Nigeria
92%
Pakistan
92%
Tschad
92%
Äthiopien
91%
Türkei
91%
Kenia
90%
Eritrea
89%
Zypern
89%
Afghanistan
88%
Kuwait
88%
Tansania
87%
Zentralafrikanische Republik
87%
Uganda
86%
Bahrain
84%
Kamerun
84%
Ruanda
84%
Gabun
81%
Angola
80%
Seychellen
80%
Äquatorial-Guinea
79%
Burundi
79%
Malediven
79%
Sambia
77%
São Tomé und Príncipe
76%
Keine übereinstimmenden Quizze gefunden
Verteilung der Resultate
Anzahl Personen mit jedem Resultat
Perzentil nach korrekt beantworteten Fragen
Ihre Resultats-Entwicklung
Sie haben dieses Quiz noch nicht gespielt